000 00558nam a2200193 i 4500
001 74723
003 ES-MaACL
005 20230906172226.0
007 t|
008 040920s1983 sp ||||1| spa d
100 1 _aGonzález Ruiz, José María.
_958943
245 1 3 _aEl poder popular, tentación de Jesús /
_cJosé María González Ruiz.
260 _aBarcelona :
_bHogar del Libro,
_c1983.
300 _a161 p. ;
_c19 cm.
490 1 _aNova terra
830 0 _aNova terra
_9228277
852 _aES-MaACL
_jL-5251
_bR.105550
999 _c74723
_d74723